00495cam a2200181ua 45000010005000000080039000050200018000440400009000620410008000710820008000791000031000872450070001182500013001882600034002013000010002356530048002456530020002936977141118n ii |||gr||||Z||||||eng a9789381784211 cMAIN aeng a361 aHazarika, Dhiren,eAuthor.1 aSamajik jarip gavesana pranali aru parisankhacBy Dhiren Hazarika a2nd rev. aJorhat:bBidya Bhawan,c2013. a228p. aSocial problems & social welfare in general aSocial research